[Event "Championnat de France Minime Fille"]
[Site "CALVI"]
[Date "2005.04.20"]
[Round "5.5"]
[White "Gras, Delphine"]
[Black "Cwiek, Perrine"]
[Result "1-0"]
[WhiteElo "1952"]
[BlackElo "1690"]
[PlyCount "37"]
[EventDate "2005.??.??"]
[SourceDate "2005.04.17"]

1. e4 e5 2. Nf3 Nc6 3. Bb5 a6 4. Bxc6 dxc6 5. O-O Bd6 6. d4 Bg4 7. dxe5 Bxf3 8.
Qxf3 Bxe5 9. Nd2 Nf6 10. Nc4 Qd4 11. Qe2 O-O-O 12. c3 Qc5 13. Be3 Qe7 14. f4
Bd6 15. e5 Bc5 16. exf6 Bxe3+ 17. Qxe3 Qxf6 18. Qa7 Kd7 19. Rfe1 {Diagramme #}
1-0

[Event "Championnat de France Minime Fille"]
[Site "CALVI"]
[Date "2005.04.20"]
[Round "5.6"]
[White "Hamman, Sophie"]
[Black "Bodlenner, Camille"]
[Result "1/2-1/2"]
[WhiteElo "1750"]
[BlackElo "1985"]
[PlyCount "68"]
[EventDate "2005.??.??"]
[SourceDate "2005.04.17"]

1. e4 c5 2. Nf3 Nc6 3. Nc3 Nf6 4. d4 cxd4 5. Nxd4 e5 6. Ndb5 d6 7. Bg5 a6 8.
Na3 b5 9. Nd5 Be7 10. Bxf6 Bxf6 11. c3 O-O 12. Nc2 Bg5 13. Be2 Rb8 14. O-O a5
15. Qd3 f5 16. Nce3 f4 17. Nc2 Kh8 18. Ne1 Be6 19. Nf3 Bh6 20. Rfd1 Qd7 21. Qc2
Rfd8 22. a4 b4 23. b3 bxc3 24. Qxc3 Qb7 25. Bc4 Bg4 26. Rab1 Bxf3 27. Qxf3 Nd4
28. Qd3 Qd7 29. f3 g5 30. Nf6 Qe7 31. Ng4 Bf8 32. h3 Rb4 33. Nf2 Rdb8 34. Rd2
Qd7 1/2-1/2

[Event "Championnat de France Minime Fille"]
[Site "CALVI"]
[Date "2005.04.20"]
[Round "5.7"]
[White "Lacombe, Marjorie"]
[Black "Koroid, Janna"]
[Result "0-1"]
[WhiteElo "1580"]
[BlackElo "1830"]
[PlyCount "100"]
[EventDate "2005.??.??"]
[SourceDate "2005.04.17"]

1. e4 Nf6 2. e5 Nd5 3. d4 d6 4. c4 Nb6 5. f4 dxe5 6. fxe5 Nc6 7. Be3 Bf5 8. Nc3
e6 9. Nf3 Be7 10. a3 f6 11. Be2 O-O 12. O-O Nd7 13. exf6 Bxf6 14. Qd2 a6 15. d5
exd5 16. Qxd5+ Kh8 17. Qxf5 Bxc3 18. Qc2 Bf6 19. Bd3 h6 20. Qd2 Nde5 21. Rad1
Qxd3 22. Qxd3 Nxd3 23. Rxd3 Rad8 24. Rb3 Na5 25. Rb4 Rd3 26. Bxh6 gxh6 27. Ne5
Rdd8 28. Ng6+ Kg7 29. Nxf8 Rxf8 30. c5 Nc6 31. Rg4+ Kh7 32. Rff4 Be7 33. Rxf8
Bxf8 34. b4 a5 35. Kf2 axb4 36. axb4 Nxb4 37. Rc4 Nd3+ 38. Ke2 Nxc5 39. Kf3 Bd6
40. h3 Nd3 41. Rd4 Ne5+ 42. Ke4 b5 43. Rd1 b4 44. Rb1 Nc4 45. Kd4 Na5 46. Kd3
Kg6 47. Ra1 Nc6 48. Kc4 Ne5+ 49. Kb3 Kg5 50. g3 Nc6 0-1

[Event "Championnat de France Minime Fille"]
[Site "CALVI"]
[Date "2005.04.20"]
[Round "5.8"]
[White "Esposito, Julie"]
[Black "Revidon, Laetitia"]
[Result "1-0"]
[WhiteElo "1810"]
[BlackElo "1700"]
[PlyCount "75"]
[EventDate "2005.??.??"]
[SourceDate "2005.04.17"]

1. e4 e5 2. Nf3 Nc6 3. Bc4 Bc5 4. c3 Nf6 5. d3 d6 6. Bb3 O-O 7. Nbd2 Be6 8. Bc2
d5 9. Qe2 d4 10. O-O Bg4 11. Rd1 Qe7 12. h3 Bh5 13. Nf1 a6 14. Ng3 Bg6 15. Nh4
Nd7 16. Nhf5 Qf6 17. Qg4 Bxf5 18. exf5 g6 19. Bh6 Rfe8 20. fxg6 Qxg6 21. Ne4 f5
22. Bb3+ Kh8 23. Qxg6 hxg6 24. Nxc5 Nxc5 25. Bd5 Nd8 26. Bg5 c6 27. Bf3 Nf7 28.
Bf6+ Kh7 29. cxd4 Nxd3 30. Rxd3 e4 31. Bxe4 Rxe4 32. d5 cxd5 33. Rxd5 Re6 34.
Bc3 Kg8 35. Rd7 b5 36. Rad1 Rb6 37. Re1 Rd8 38. Rxd8+ 1-0

[Event "Championnat de France Minime Fille"]
[Site "CALVI"]
[Date "2005.04.20"]
[Round "5.9"]
[White "Riquebon, Nathalie"]
[Black "Llorens, Jenna"]
[Result "1/2-1/2"]
[WhiteElo "1710"]
[BlackElo "1810"]
[PlyCount "30"]
[EventDate "2005.??.??"]
[SourceDate "2005.04.17"]

1. d4 d5 2. Nf3 Nf6 3. c4 c6 4. cxd5 cxd5 5. Nc3 Nc6 6. Bf4 Bf5 7. e3 e6 8. Bb5
Be7 9. O-O Nd7 10. Rc1 Rc8 11. Na4 O-O 12. Bxc6 bxc6 13. a3 Qa5 14. Ne5 Nxe5
15. Bxe5 f6 1/2-1/2

[Event "Championnat de France Minime Fille"]
[Site "CALVI"]
[Date "2005.04.20"]
[Round "5.10"]
[White "Ezanno, Morgane"]
[Black "Belloc, Sidonie"]
[Result "0-1"]
[WhiteElo "1800"]
[BlackElo "1570"]
[PlyCount "90"]
[EventDate "2005.??.??"]
[SourceDate "2005.04.17"]

1. e4 e6 2. d4 d5 3. Nc3 Nf6 4. Bg5 Be7 5. Bxf6 Bxf6 6. e5 Be7 7. Qg4 O-O 8.
Bd3 c5 9. Nf3 Nc6 10. h4 cxd4 11. Nb5 Qa5+ 12. Ke2 h6 13. Nbxd4 Bd7 14. Nb3 Qc7
15. Qh5 Rfc8 16. Rac1 Bf8 17. g4 Be8 18. g5 g6 19. Qg4 Nxe5 20. Qg3 Nxd3 21.
Qxc7 Nxc1+ 22. Nxc1 Rxc7 23. c3 h5 24. Rd1 Bg7 25. Ke3 Rd8 26. Ne2 Bb5 27. Nf4
Rcd7 28. Nd4 Bc6 29. Nfe2 e5 30. Nf3 f6 31. Rg1 f5 32. Nc1 d4+ 33. cxd4 exd4+
34. Kf4 d3 35. Rd1 Bxb2 36. Nb3 Re7 37. Nc5 Bb5 38. Ne1 Rd4+ 39. Kf3 Bc6+ 40.
Kg3 d2 41. Nc2 Rg4+ 42. Kh3 Bg2+ 43. Kh2 Be5+ 44. f4 Bxf4+ 45. Kg1 Bf3+ 0-1

[Event "Championnat de France Minime"]
[Site "CALVI"]
[Date "2005.04.21"]
[Round "6.1"]
[White "Edouard, Romain"]
[Black "Dourerassou, Jonathan"]
[Result "1-0"]
[WhiteElo "2255"]
[BlackElo "2343"]
[PlyCount "113"]
[EventDate "2005.??.??"]
[SourceDate "2005.04.17"]

1. e4 c5 2. Nf3 Nc6 3. d4 cxd4 4. Nxd4 Qc7 5. Nc3 e6 6. Nb3 Nf6 7. Bd3 a6 8.
O-O b5 9. a3 Bb7 10. Qe2 Be7 11. f4 d6 12. Bd2 O-O 13. g4 Rfe8 14. g5 Nd7 15.
Qf2 b4 16. Nd1 bxa3 17. bxa3 Bf8 18. h4 Nc5 19. h5 Nxd3 20. cxd3 e5 21. f5 d5
22. f6 Nd8 23. Ne3 dxe4 24. Ba5 Qd7 25. Bxd8 Rexd8 26. fxg7 Bxg7 27. Nc5 Qe7
28. Nxb7 Qxb7 29. h6 Bh8 30. dxe4 Rd4 31. Rab1 Qe7 32. Qf5 Rd6 33. Nd5 Rxd5 34.
exd5 Qc5+ 35. Qf2 Qxd5 36. Rbd1 Qe6 37. Qf5 Qb3 38. Qf3 Qb6+ 39. Kh1 Rf8 40.
Rd7 Qg6 41. Qf5 Qc6+ 42. Rf3 Qc1+ 43. Kh2 Qc4 44. g6 Qh4+ 45. Rh3 {Diagramme #}
45... hxg6 46. Qxg6+ fxg6 47. Rxh4 Bf6 48. Ra4 a5 49. Rxa5 e4 50. Ra6 Be5+ 51.
Kg2 e3 52. Rxg6+ Kh8 53. h7 Rf2+ 54. Kg1 Bg7 55. Rgxg7 Rf1+ 56. Kxf1 e2+ 57.
Kg2 1-0

[Event "Championnat de France Minime"]
[Site "CALVI"]
[Date "2005.04.21"]
[Round "6.2"]
[White "Delorme, Axel"]
[Black "Fougerit, Valentin"]
[Result "1/2-1/2"]
[WhiteElo "2202"]
[BlackElo "2068"]
[PlyCount "81"]
[EventDate "2005.??.??"]
[SourceDate "2005.04.17"]

1. e4 e5 2. Nc3 Nf6 3. g3 d5 4. exd5 Nxd5 5. Bg2 Nxc3 6. bxc3 Bd6 7. Nf3 O-O 8.
O-O Nc6 9. d3 Bd7 10. Rb1 Rb8 11. c4 a6 12. Be3 b5 13. c5 Be7 14. Nd2 Nd4 15.
Nb3 Bc6 16. Bxd4 Bxg2 17. Kxg2 exd4 18. Qf3 Qd7 19. Ra1 f5 20. Rfe1 a5 21. c6
Qd8 22. Nxa5 Bb4 23. Nb7 Qg5 24. h4 Qh6 25. Re5 Bc3 26. Rb1 b4 27. Qd5+ Kh8 28.
f4 Ra8 29. Rf1 Bd2 30. Re7 Rac8 31. Re6 Qh5 32. Qxd4 h6 33. Rf2 Bc3 34. Qd5
Rfe8 35. Qd7 Rxe6 36. Qxe6 Re8 37. Qd5 Re3 38. Rf3 Re2+ 39. Rf2 Re3 40. Rf3
Re2+ 41. Rf2 1/2-1/2

[Event "Championnat de France Minime"]
[Site "CALVI"]
[Date "2005.04.21"]
[Round "6.3"]
[White "Vernay, Clovis"]
[Black "Genzling, Alain"]
[Result "1-0"]
[WhiteElo "2224"]
[BlackElo "2110"]
[PlyCount "57"]
[EventDate "2005.??.??"]
[SourceDate "2005.04.17"]

1. d4 Nf6 2. c4 g6 3. f3 d5 4. cxd5 Nxd5 5. e4 Nb6 6. Nc3 Bg7 7. Be3 O-O 8. a4
a5 9. Rc1 c6 10. b3 f5 11. e5 f4 12. Bf2 Bf5 13. g4 Be6 14. Ne4 Bd5 15. Bd3 Na6
16. h4 h6 17. Bb1 Nd7 18. Nc3 Bf7 19. h5 c5 20. hxg6 Be6 21. d5 Nxe5 22. dxe6
Qb6 23. Nd5 Qxe6 24. Be4 Nxg4 25. Bh4 Bd4 26. Ne2 Be3 27. Rc4 Rad8 28. fxg4 Nb4
29. Nxe7+ 1-0

[Event "Championnat de France Minime"]
[Site "CALVI"]
[Date "2005.04.21"]
[Round "6.4"]
[White "Curto, Nicolas"]
[Black "Brethes, Francois"]
[Result "1/2-1/2"]
[WhiteElo "1994"]
[BlackElo "2161"]
[PlyCount "119"]
[EventDate "2005.??.??"]
[SourceDate "2005.04.17"]

1. d4 d5 2. c4 c6 3. Nf3 Nf6 4. Qc2 dxc4 5. e4 b5 6. b3 cxb3 7. axb3 e6 8. Bd2
Bb7 9. Ba5 Qc8 10. Nbd2 Nbd7 11. Bd3 h6 12. O-O a6 13. b4 Be7 14. Qb2 O-O 15.
Ra3 Re8 16. Bb1 Qb8 17. e5 Nd5 18. Rb3 f5 19. exf6 Bxf6 20. Qc2 Nf8 21. Ne4 Qf4
22. Re1 e5 23. Nd6 e4 24. Nxe8 Rxe8 25. g3 Qb8 26. Rxe4 Rxe4 27. Qxe4 Nxb4 28.
Bxb4 c5 29. Qf5 cxb4 30. Be4 Bxe4 31. Qxe4 Qd6 32. d5 a5 33. Nd4 Qd7 34. Qd3
Qxd5 35. Nxb5 Qxd3 36. Rxd3 a4 37. Kf1 a3 38. Nxa3 bxa3 39. Rxa3 Ne6 40. f4 Kf7
41. Kf2 Be7 42. Ra2 g6 43. Kf3 h5 44. Ra5 Kf6 45. h4 Nd4+ 46. Ke4 Nf5 47. Ra6+
Bd6 48. Kd5 Ke7 49. Ra7+ Ke8 50. Ra8+ Kd7 51. Ra7+ Bc7 52. Ra6 $11 Ne7+ 53. Ke4
Bd6 54. Ra5 Ke6 55. Rg5 $11 Kf6 56. g4 hxg4 57. Rxg4 Nf5 58. h5 gxh5 59. Rg5
Ng7 60. Rxg7 1/2-1/2

[Event "Championnat de France Minime"]
[Site "CALVI"]
[Date "2005.04.21"]
[Round "6.5"]
[White "Henry, Guillaume"]
[Black "Guilleux, Fabien"]
[Result "1-0"]
[WhiteElo "2128"]
[BlackElo "1900"]
[PlyCount "77"]
[EventDate "2005.??.??"]
[SourceDate "2005.04.17"]

1. e4 e6 2. d4 d5 3. Nc3 Nf6 4. e5 Nfd7 5. f4 c5 6. Nf3 Nc6 7. Be3 Qb6 8. Qd2
Be7 9. Be2 O-O 10. O-O f6 11. Na4 Qb4 12. Nxc5 Nxc5 13. dxc5 Bxc5 14. Bxc5
Qxc5+ 15. Kh1 fxe5 16. fxe5 Bd7 17. c3 Rf7 18. Bd3 Raf8 19. b4 Qe7 20. Kg1 Rf4
21. Qe3 b6 22. g3 R4f7 23. Kg2 g6 24. h4 Kh8 25. Qh6 Be8 26. Bxg6 Rxf3 27. Rxf3
Rxf3 28. Bxe8 Rxc3 29. Rf1 Kg8 30. Bf7+ Qxf7 31. Rxf7 Kxf7 32. Qxh7+ Kf8 33.
Qh6+ Ke7 34. Qf6+ Kd7 35. h5 Ne7 36. h6 d4 37. h7 d3 38. h8=Q d2 39. Qf1 1-0

[Event "Championnat de France Minime"]
[Site "CALVI"]
[Date "2005.04.21"]
[Round "6.6"]
[White "Gamet, Arnaud"]
[Black "Heinz, Timothee"]
[Result "0-1"]
[WhiteElo "2028"]
[BlackElo "2231"]
[PlyCount "132"]
[EventDate "2005.??.??"]
[SourceDate "2005.04.17"]

1. d4 Nf6 2. Nf3 e6 3. Bf4 b6 4. e3 Bb7 5. c4 Be7 6. Nc3 Nh5 7. Bg3 d6 8. Bd3
Nd7 9. e4 Bf6 10. Qc2 Nxg3 11. hxg3 c5 12. Nb5 Qb8 13. d5 a6 14. Nc3 Qc7 15. a4
O-O-O 16. O-O-O Kb8 17. Kb1 h6 18. Rhe1 Rhe8 19. Qd2 Bd4 20. Bc2 e5 21. Nh4 Nf6
22. f3 Bc8 23. g4 g6 24. Rh1 Ng8 25. Rdf1 Qe7 26. g3 Qg5 27. Qd3 Qe3 28. Ne2
Qxd3 29. Bxd3 Bd7 30. b3 b5 31. cxb5 axb5 32. Nxd4 exd4 33. Bxb5 Bxb5 34. axb5
Kb7 35. Kc2 Kb6 36. Ra1 Ra8 37. Ra4 Kxb5 38. Rha1 Rxa4 39. Rxa4 Kb6 40. Kd3 Nf6
41. Ng2 Nd7 42. Nf4 f5 43. gxf5 gxf5 44. Ra1 fxe4+ 45. fxe4 Rg8 46. Rg1 Ne5+
47. Ke2 Kb5 48. Rh1 Rxg3 49. Rxh6 Re3+ 50. Kd1 Rxe4 51. Ne2 Nf7 52. Rf6 Re7 53.
Ng3 Kb4 54. Nf5 Rd7 55. Kc2 d3+ 56. Kxd3 Kxb3 57. Re6 c4+ 58. Kd4 c3 59. Kd3
Ne5+ 60. Ke4 Kb2 61. Ne3 Nf7 62. Kd3 Rc7 63. Re8 Ne5+ 64. Ke4 c2 65. Nxc2 Rxc2
66. Kf5 Nc4 0-1

[Event "Championnat de France Minime"]
[Site "CALVI"]
[Date "2005.04.21"]
[Round "6.7"]
[White "Blake, Cyprien"]
[Black "Fahys, Jonathan"]
[Result "1-0"]
[WhiteElo "2060"]
[BlackElo "2000"]
[PlyCount "73"]
[EventDate "2005.??.??"]
[SourceDate "2005.04.17"]

1. e4 c5 2. Nf3 d6 3. d4 cxd4 4. Nxd4 Nf6 5. Nc3 g6 6. f3 Bg7 7. Bc4 O-O 8. Be3
Nc6 9. Qd2 Bd7 10. Bb3 Rc8 11. O-O-O Ne5 12. Bh6 Bxh6 13. Qxh6 Rxc3 14. bxc3
Qc7 15. Qe3 b5 16. f4 Nc4 17. Bxc4 bxc4 18. f5 Qa5 19. Kd2 d5 20. exd5 Nxd5 21.
Qg3 Rd8 22. Rhf1 Nf6 23. Ke3 Qxc3+ 24. Ke2 Qa5 25. fxg6 hxg6 26. Qf4 Qxa2 27.
h3 c3 28. Rf3 Bb5+ 29. Kf2 Qd5 30. Re3 Qc5 31. Qe5 Rd5 $11 32. Qxe7 Qb6 33. Qb4
Qc7 34. Nxb5 Qb6 35. Rxd5 Nxd5 36. Qd4 Qxb5 37. Re5 1-0

[Event "Championnat de France Minime"]
[Site "CALVI"]
[Date "2005.04.21"]
[Round "6.8"]
[White "Savon, Jeremie"]
[Black "Vuillermoz, Robert"]
[Result "1-0"]
[WhiteElo "1880"]
[BlackElo "2046"]
[PlyCount "105"]
[EventDate "2005.??.??"]
[SourceDate "2005.04.17"]

1. e4 c5 2. Nf3 d6 3. d3 Nc6 4. Be2 Nf6 5. c3 g6 6. h3 Bg7 7. Be3 h6 8. Nbd2 e5
9. O-O O-O 10. Nc4 Be6 11. Qc2 Qc7 12. a3 b6 13. b4 d5 14. Nb2 cxb4 15. cxb4
Rac8 16. Rac1 Qb7 17. Qb1 d4 18. Bd2 b5 19. Bd1 Nd7 20. Be1 f5 21. Nd2 Qa6 22.
Qa1 fxe4 23. Nxe4 Ne7 24. a4 Rxc1 25. Qxc1 Rc8 26. Qd2 bxa4 27. Bxa4 Nb6 28. b5
Qb7 29. Nd6 Qb8 30. Nxc8 Qxc8 31. Qc2 Qb7 32. Bb3 Nbd5 33. Bb4 Nf5 34. Qc6 Qf7
35. Bxd5 Bxd5 36. Qc8+ Kh7 37. Rc1 Nh4 38. Rc7 Qf4 39. Qg4 Qf6 40. Be7 Qb6 41.
Bd8 Qxb5 42. Qxh4 g5 43. Qg4 e4 44. Qd7 Qxd7 45. Rxd7 e3 46. fxe3 Bc6 47. Rc7
dxe3 48. Rxc6 Bd4 49. Kf1 Bxb2 50. Rc7+ Kg6 51. Rxa7 Bd4 52. Ra6+ Kh5 53. Bb6
1-0

[Event "Championnat de France Minime"]
[Site "CALVI"]
[Date "2005.04.21"]
[Round "6.9"]
[White "Stahl, Clement"]
[Black "Monsieux, Cyril"]
[Result "0-1"]
[WhiteElo "1960"]
[BlackElo "2213"]
[PlyCount "64"]
[EventDate "2005.??.??"]
[SourceDate "2005.04.17"]

1. e4 g6 2. d4 Bg7 3. Nc3 c6 4. Be3 Qb6 5. Rb1 d6 6. Nge2 Nd7 7. g3 Ngf6 8. h3
Qc7 9. Bg2 O-O 10. O-O e5 11. Qd2 Re8 12. Rbd1 b5 13. dxe5 dxe5 14. Qd6 Qxd6
15. Rxd6 Bb7 16. Rfd1 Nb6 17. Bg5 Nh5 18. g4 $11 Nf4 19. Nxf4 exf4 20. R1d3 b4
21. Nd1 Be5 22. Rd8 f6 23. Rxa8 Rxa8 24. Bh6 Ba6 25. Rd2 g5 26. h4 Kf7 27. h5
Rc8 28. b3 Rc7 29. Bf1 Bxf1 30. Kxf1 Rd7 31. Rxd7+ Nxd7 32. f3 Bd4 0-1

[Event "Championnat de France Minime"]
[Site "CALVI"]
[Date "2005.04.21"]
[Round "6.10"]
[White "Frederic, Clement"]
[Black "Bonnet, Anselme"]
[Result "0-1"]
[WhiteElo "2095"]
[BlackElo "1950"]
[PlyCount "68"]
[EventDate "2005.??.??"]
[SourceDate "2005.04.17"]

1. e4 c5 2. Nf3 Nc6 3. d4 cxd4 4. Nxd4 Nf6 5. Nc3 e5 6. Ndb5 d6 7. Bg5 a6 8.
Na3 b5 9. Bxf6 gxf6 10. Nd5 f5 11. Bd3 Be6 12. c3 Bg7 13. Nc2 O-O 14. Nce3 fxe4
15. Bxe4 f5 16. Nf6+ Rxf6 17. Bxc6 Ra7 18. Bd5 Bxd5 19. Qxd5+ Kh8 20. Rd1 Qc8
21. O-O f4 22. Nc2 f3 23. Rd3 fxg2 24. Kxg2 Bh6 25. Kh1 Raf7 26. Qg2 Bf4 27.
Ne3 Rg7 28. Qf3 Rh6 29. Ng2 Rxh2+ 30. Kg1 Rgxg2+ 31. Qxg2 Rxg2+ 32. Kxg2 Qg4+
33. Kh1 e4 34. f3 Qh3+ 0-1

[Event "Championnat de France Minime Fille"]
[Site "CALVI"]
[Date "2005.04.21"]
[Round "6.2"]
[White "Ferry, Justine"]
[Black "Gras, Delphine"]
[Result "1/2-1/2"]
[WhiteElo "1882"]
[BlackElo "1952"]
[PlyCount "104"]
[EventDate "2005.??.??"]
[SourceDate "2005.04.17"]

1. d4 d5 2. c4 e6 3. Nf3 Nf6 4. g3 dxc4 5. Bg2 c6 6. a4 a6 7. Qc2 b5 8. O-O Bb7
9. b3 cxb3 10. Qxb3 Be7 11. Nc3 O-O 12. Ba3 Nbd7 13. e4 Bxa3 14. Qxa3 Nb6 15.
Rfd1 Nc4 16. Qb3 Qe7 17. Nd2 Nb6 18. a5 Nbd7 19. e5 Nd5 20. Nce4 c5 21. Nxc5
Nxc5 22. dxc5 Qxc5 23. Ne4 Qa7 24. Nd6 Rad8 25. Rd2 f6 26. Re1 fxe5 27. Nxb7
Qxb7 28. Rxe5 Qf7 29. Bh3 Nc7 30. Rde2 Rde8 31. Rxe6 Nxe6 32. Bxe6 Rxe6 33.
Qxe6 Qxe6 34. Rxe6 Rf6 35. Rb6 Kf7 36. Rb7+ Kg6 37. f4 h5 38. Kg2 Rf7 39. Rb6+
Rf6 40. Rb7 Re6 41. Rb6 Kf5 42. Kf3 g6 43. h3 Kf6 44. Rb7 Rd6 45. Ke4 Ke6 46.
g4 Rd7 47. Rb6+ Rd6 48. f5+ gxf5+ 49. gxf5+ Ke7 50. Ke5 Rd3 51. Rxa6 Re3+ 52.
Kd5 Rxh3 1/2-1/2

[Event "Championnat de France Minime Fille"]
[Site "CALVI"]
[Date "2005.04.21"]
[Round "6.3"]
[White "Congiu, Mathilde"]
[Black "Laurens, Julia"]
[Result "1/2-1/2"]
[WhiteElo "2072"]
[BlackElo "2023"]
[PlyCount "87"]
[EventDate "2005.??.??"]
[SourceDate "2005.04.17"]

1. e4 c6 2. d4 d5 3. Nc3 dxe4 4. Nxe4 Bf5 5. Ng3 Bg6 6. h4 h6 7. Nf3 Nd7 8. h5
Bh7 9. Bd3 Bxd3 10. Qxd3 Qc7 11. Bd2 e6 12. Qe2 Ngf6 13. c4 Bd6 14. Nf5 O-O-O
15. Nxd6+ Qxd6 16. Ba5 Rde8 17. Bc3 Qf4 18. Rh4 Qf5 19. Ne5 Re7 20. Qf3 Nxe5
21. dxe5 Qxf3 22. gxf3 Nd7 23. Rg4 f6 24. exf6 gxf6 25. Rg6 e5 26. O-O-O Rhh7
27. Bd2 e4 28. Bf4 b6 29. b4 Ne5 30. Rg8+ Kb7 31. b5 cxb5 32. cxb5 Rc7+ 33. Kb1
Rc5 34. a4 a6 35. bxa6+ Kxa6 36. fxe4 Rc4 37. Bxe5 fxe5 38. f3 Rf7 39. Rdd8
Rb4+ 40. Ka2 Rxf3 41. Ra8+ Kb7 42. Rab8+ Kc7 43. Rbc8+ Kb7 44. Rb8+ 1/2-1/2

[Event "Championnat de France Minime Fille"]
[Site "CALVI"]
[Date "2005.04.21"]
[Round "6.4"]
[White "Koroid, Janna"]
[Black "Gadarinian, Caroline"]
[Result "1-0"]
[WhiteElo "1830"]
[BlackElo "1927"]
[PlyCount "93"]
[EventDate "2005.??.??"]
[SourceDate "2005.04.17"]

1. d4 d5 2. c4 c6 3. Nf3 Nf6 4. Nc3 dxc4 5. a4 Bf5 6. e3 e6 7. Bxc4 Nbd7 8. O-O
Bb4 9. Bd2 O-O 10. Re1 Qb6 11. h3 h6 12. b3 Rfd8 13. Ne2 Ne4 14. a5 Qc7 15.
Bxb4 c5 16. Bd2 Ndf6 17. Qc1 g5 18. dxc5 Qxc5 19. Ned4 Bg6 20. b4 Qc7 21. Nxe6
Qd6 22. Nxd8 Rxd8 23. Bc3 h5 24. Bxf6 Qxf6 25. Rf1 g4 26. hxg4 hxg4 27. Nh2 Qh4
28. Nxg4 Kg7 29. Qb2+ f6 30. Rfd1 Rxd1+ 31. Rxd1 Qxg4 32. f3 Qg5 33. fxe4 Bxe4
34. Qf2 Qg4 35. Be2 Qg6 36. Bf3 Kf7 37. Bxe4 Qxe4 38. Rf1 Qe6 39. Qf3 Qe7 40.
Qh5+ Ke6 41. Qf5+ Kf7 42. Qh7+ Ke6 43. Qxe7+ Kxe7 44. Rc1 Kd6 45. Kf2 b6 46.
axb6 axb6 47. b5 1-0

[Event "Championnat de France Minime Fille"]
[Site "CALVI"]
[Date "2005.04.21"]
[Round "6.5"]
[White "Belloc, Sidonie"]
[Black "Esposito, Julie"]
[Result "0-1"]
[WhiteElo "1570"]
[BlackElo "1810"]
[PlyCount "74"]
[EventDate "2005.??.??"]
[SourceDate "2005.04.17"]

1. e4 e5 2. Nf3 Nc6 3. Bc4 Bc5 4. c3 Nf6 5. d4 exd4 6. cxd4 Bb4+ 7. Bd2 Bxd2+
8. Nbxd2 d5 9. exd5 Nxd5 10. O-O O-O 11. Re1 Nb6 12. d5 Nxd5 13. Ne4 Nb6 14.
Bb3 Qxd1 15. Raxd1 Bg4 16. Rd3 Nb4 17. Rde3 N6d5 18. Bxd5 Nxd5 19. Rb3 b6 20.
h3 Bxf3 21. Rxf3 Rad8 22. a3 c5 23. Nc3 Nxc3 24. Rxc3 Rfe8 25. Kf1 Rxe1+ 26.
Kxe1 f6 27. Re3 Kf7 28. b4 cxb4 29. axb4 Re8 30. Ke2 Rxe3+ 31. Kxe3 Ke6 32. Ke4
a5 33. bxa5 bxa5 34. Kd3 Ke5 35. Kc3 Ke4 36. Kc2 a4 37. Kb2 Kd3 0-1

[Event "Championnat de France Minime Fille"]
[Site "CALVI"]
[Date "2005.04.21"]
[Round "6.6"]
[White "Bodlenner, Camille"]
[Black "Cwiek, Perrine"]
[Result "0-1"]
[WhiteElo "1985"]
[BlackElo "1690"]
[PlyCount "76"]
[EventDate "2005.??.??"]
[SourceDate "2005.04.17"]

1. e4 e5 2. Nf3 Nc6 3. d4 exd4 4. Bc4 Bb4+ 5. c3 dxc3 6. bxc3 Qf6 7. Bb2 Nge7
8. O-O O-O 9. Qc2 Bc5 10. Bd3 Ng6 11. a3 d6 12. Nbd2 Nce5 13. Nxe5 Nxe5 14. c4
Qg5 15. Kh1 Qh4 16. Nf3 Nxf3 17. gxf3 Bh3 18. Rg1 f6 19. Rg3 Rf7 20. Bf1 Be6
21. a4 Re8 22. Bd3 Ree7 23. Qd2 f5 24. exf5 Bxf5 25. Bxf5 Rxf5 26. Rag1 Rff7
27. Qc3 Qh6 28. Qc2 Kf8 29. Bc1 Qh5 30. Bg5 Re5 31. Bc1 Ref5 32. Qb2 Re5 33.
Qxb7 Bxf2 34. Rxg7 Rxg7 35. Rxg7 Kxg7 36. Bb2 Qg6 37. Bxe5+ dxe5 38. Qxc7+ Kh6
0-1

[Event "Championnat de France Minime Fille"]
[Site "CALVI"]
[Date "2005.04.21"]
[Round "6.7"]
[White "Le Bail, Clara"]
[Black "Riquebon, Nathalie"]
[Result "1-0"]
[WhiteElo "1938"]
[BlackElo "1710"]
[PlyCount "95"]
[EventDate "2005.??.??"]
[SourceDate "2005.04.17"]

1. e4 d5 2. exd5 Qxd5 3. Nc3 Qa5 4. d4 c6 5. Nf3 Nf6 6. Bd2 Bf5 7. Bc4 e6 8. h3
Nbd7 9. Qe2 Qc7 10. O-O-O O-O-O 11. Rhe1 Bd6 12. Ne5 Nb6 13. Bb3 Bxe5 14. dxe5
Nfd5 15. Nxd5 cxd5 16. Bb4 Rhe8 17. Rd4 f6 18. Bc3 Be4 19. f3 Bg6 20. Rdd1 Qe7
21. Qe3 Kb8 22. Bd4 fxe5 23. Qxe5+ Kc8 24. Bxb6 axb6 25. Bxd5 Rxd5 26. Rxd5 Qb4
27. Rd4 Qc5 28. Qxc5+ bxc5 29. Rc4 b6 30. b4 Kd7 31. bxc5 bxc5 32. Rxc5 Kd6 33.
Rc3 Ra8 34. Kb2 Rb8+ 35. Rb3 Rc8 36. c3 Bf5 37. a4 h5 38. a5 Kc5 39. a6 Ra8 40.
Ra1 Bd3 41. a7 Bb5 42. c4 Bc6 43. Kc3 e5 44. Rb8 e4 45. Ra5+ Kd6 46. Ra6 exf3
47. gxf3 Kd7 48. Rxc6 1-0

[Event "Championnat de France Minime Fille"]
[Site "CALVI"]
[Date "2005.04.21"]
[Round "6.8"]
[White "Salinas, Deborah"]
[Black "Bismuth, Lea"]
[Result "0-1"]
[WhiteElo "1590"]
[BlackElo "1860"]
[PlyCount "184"]
[EventDate "2005.??.??"]
[SourceDate "2005.04.17"]

1. d4 f5 2. c4 Nf6 3. g3 g6 4. Bg2 Bg7 5. Nf3 O-O 6. Nc3 d6 7. O-O c6 8. Bf4
Qc7 9. Qd2 Re8 10. Bh6 Nbd7 11. Rfd1 e5 12. Bxg7 Kxg7 13. Rac1 e4 14. Ng5 h6
15. Nh3 Nb6 16. b3 Qe7 17. e3 g5 18. Ne2 Bd7 19. Qb4 Rab8 20. c5 Nbd5 21. Qa3
dxc5 22. Qxc5 Qxc5 23. Rxc5 b6 24. Rc4 Rec8 25. Rdc1 b5 26. R4c2 Nb4 27. Rd2
Nfd5 28. a3 Nd3 29. Rcc2 Rb6 30. Rd1 Ra6 31. Ra1 N5b4 32. Rc3 Be6 33. Bf1 Nd5
34. Rc2 Nb6 35. Nc1 Ne1 36. Rc5 Nd7 37. Rc3 Nf3+ 38. Kg2 Nf6 39. Ra2 Ra5 40.
Ng1 Nd5 41. Rc5 Ne1+ 42. Kh1 Ne7 43. Nge2 Nd3 44. Nxd3 exd3 45. Nc1 d2 46. Rxd2
Rxa3 47. b4 Nd5 48. Ra2 Rxa2 49. Nxa2 a6 50. Bd3 Kf6 51. Kg2 Bd7 52. Kf1 Ra8
53. e4 fxe4 54. Bxe4 Ke6 55. Bxd5+ cxd5 56. Nc3 Rc8 57. Rxc8 Bxc8 58. Ke2 Kd6
59. Ke3 Kc6 60. h4 a5 61. Na2 a4 62. f3 Bf5 63. Kf2 a3 64. hxg5 hxg5 65. g4 Bb1
66. Nc3 a2 67. Nxa2 Bxa2 68. Ke3 Kd6 69. f4 gxf4+ 70. Kxf4 Ke6 71. g5 Bb1 72.
Kg4 Kf7 73. Kf4 Ke6 74. Kg4 $11 Bg6 75. Kf4 Bh5 76. g6 Bxg6 77. Kg5 Bf5 78. Kf4
Kf6 79. Ke3 Kg5 80. Kf3 Be4+ 81. Ke3 Kg4 82. Kf2 Kf4 83. Ke2 Bf3+ 84. Kd2 Ke4
85. Kc3 Bg4 86. Kc2 Kxd4 87. Kb3 Kd3 88. Kb2 Ke2 89. Kc3 Ke3 90. Kc2 d4 91. Kc1
d3 92. Kb2 d2 0-1

[Event "Championnat de France Minime Fille"]
[Site "CALVI"]
[Date "2005.04.21"]
[Round "6.9"]
[White "Llorens, Jenna"]
[Black "Hamman, Sophie"]
[Result "1/2-1/2"]
[WhiteElo "1810"]
[BlackElo "1750"]
[PlyCount "104"]
[EventDate "2005.??.??"]
[SourceDate "2005.04.17"]

1. d4 d5 2. Nf3 Nf6 3. c4 e6 4. Nc3 Be7 5. cxd5 exd5 6. Bg5 h6 7. Bh4 O-O 8. e3
Be6 9. Bd3 b6 10. O-O c5 11. Rc1 Nbd7 12. Qe2 Rc8 13. Ba6 Rc6 14. Qb5 Rc7 15.
Bg3 Nb8 16. Bxc7 Qxc7 17. dxc5 bxc5 18. Qe2 Nxa6 19. Qxa6 Rb8 20. Qe2 Bg4 21.
h3 Be6 22. Qc2 Qd7 23. Ne5 Qd6 24. f4 Nh5 25. Rfd1 Ng3 26. e4 d4 27. Ne2 Nxe2+
28. Qxe2 Bxa2 29. Ra1 Bb3 30. Rdc1 Bf6 31. Nxf7 Bxf7 32. e5 Qe6 33. Rxa7 Bd8
34. Ra6 Rb6 35. Ra8 Qd5 36. Rca1 d3 37. Qf3 Qd7 38. R1a7 Qd4+ 39. Qf2 Qxf2+ 40.
Kxf2 Rxb2+ 41. Ke3 Bg6 42. Rxd8+ Kh7 43. Rxd3 Bxd3 44. Kxd3 Rxg2 45. Kc4 Rf2
46. Rf7 Kg8 47. e6 Re2 48. Kd5 c4 49. Rc7 Kf8 50. Rxc4 Ke7 51. f5 Rd2+ 52. Kc5
Rf2 1/2-1/2

[Event "Championnat de France Minime Fille"]
[Site "CALVI"]
[Date "2005.04.21"]
[Round "6.10"]
[White "Cheype, Marie"]
[Black "Lacombe, Marjorie"]
[Result "1-0"]
[WhiteElo "1720"]
[BlackElo "1580"]
[PlyCount "57"]
[EventDate "2005.??.??"]
[SourceDate "2005.04.17"]

1. e4 d6 2. d4 Nf6 3. Nd2 Nbd7 4. Ngf3 c6 5. Bd3 b5 6. O-O e5 7. c3 Be7 8. a4
Qb6 9. axb5 cxb5 10. Qb3 Rb8 11. Ng5 O-O 12. Ndf3 a5 13. Qa3 a4 14. dxe5 b4 15.
Qxa4 dxe5 16. Qa5 Qd6 17. Bc4 Nc5 18. Nxf7 Rxf7 19. Bxf7+ Kxf7 20. Qa2+ b3 21.
Qa7 Nfxe4 22. Ng5+ Kg8 23. Nxe4 Nxe4 24. Be3 Rb5 25. Qa8 Qb8 26. Qxe4 Bb7 27.
Qg4 Bc8 28. Qc4+ Kf8 29. Qe4 1-0